Basic algebra / (Record no. 104787)
[ view plain ]
| 000 -LEADER | |
|---|---|
| fixed length control field | 00720nam a22002537a 4500 |
| 005 - DATE AND TIME OF LATEST TRANSACTION | |
| control field | 20161128113359.0 |
| 010 ## - LCCN (DPL NO) | |
| LC control number | ENG-116673 |
| 020 ## - INTERNATIONAL STANDARD BOOK NUMBER | |
| International Standard Book Number | 9788186038222 |
| Terms of availability | 365.00 |
| 020 ## - INTERNATIONAL STANDARD BOOK NUMBER | |
| International Standard Book Number | 8186038221 |
| Terms of availability | 365.00 |
| 035 ## - SYSTEM CONTROL NUMBER | |
| System control number | EN-100205 |
| 037 ## - SOURCE OF ACQUISITION | |
| Source of stock number/acquisition | DBAD/PUB |
| 082 ## - DEWEY DECIMAL CLASSIFICATION NUMBER | |
| Classification number | 512 |
| 100 ## - MAIN ENTRY--PERSONAL NAME | |
| Personal name | Gupta,Anju |
| 245 ## - TITLE STATEMENT | |
| Title | Basic algebra / |
| Statement of responsibility, etc | by Anju Gupta ...[et...al] |
| 260 ## - PUBLICATION, DISTRIBUTION, ETC. (IMPRINT) | |
| Place of publication, distribution, etc | Delhi |
| Name of publisher, distributor, etc | Shree Kala Prakashn |
| Date of publication, distribution, etc | 2012 |
| 270 ## - ADDRESS | |
| Address | 42/43,U.B. Jawahar Nagar |
| City | Delhi |
| Postal code | 110007 |
| 300 ## - PHYSICAL DESCRIPTION | |
| Extent | viii,181p. : |
| Dimensions | 23cm(Hb) |
| Other physical details | ill |
| 500 ## - GENERAL NOTE | |
| General note | Includes bibliographical references |
| 700 ## - ADDED ENTRY--PERSONAL NAME | |
| Personal name | Gupta Anju |
| 700 ## - ADDED ENTRY--PERSONAL NAME | |
| Personal name | Abhishek K.Singh, |
| 700 ## - ADDED ENTRY--PERSONAL NAME | |
| Personal name | Sanjay Kumar |
| 700 ## - ADDED ENTRY--PERSONAL NAME | |
| Personal name | Ravi Kumar |
| 942 ## - ADDED ENTRY ELEMENTS (KOHA) | |
| Source of classification or shelving scheme | Dewey Decimal Classification |
| Item type | English Books |
| Classification part | 512 |
| Call number suffix | GUP |
| Withdrawn status | Lost status | Not for loan | Collection code | Home library | Current library | Date acquired | Source of acquisition | Cost, normal purchase price | Full call number | Barcode | Copy number | Cost, replacement price | Koha item type |
|---|---|---|---|---|---|---|---|---|---|---|---|---|---|
| Not For Loan | Non-fiction | D.B.Act.Division | D.B.Act.Division | 28/11/2016 | DBAD/PUB | 365.00 | 512 GUP | EN-100205 | 1 | 365.00 | English Books |
